000
00239nam a22000977a 4500
100
_a
Garg,Mahipal
_9
80062
245
_a
Dictionary of Confusing Words
260
_a
Delhi
_b
Star Publisher House
_c
2019
650
_a
Dictonary
_9
76468
942
_c
BK
999
_c
63554
_d
63554